Geography of Mexico - Statistics

General Stats
  • This quiz has been taken 768 times
    592 since last reset
  • The average score is 13 of 20
Answer Stats
Question Answer % Correct
What river separates Texas from Mexico? Rio Grande
95%
What is the smallest country Mexico borders? Belize
91%
What major city is located just 20 miles south of the U.S. city of San Diego? Tijuana
89%
On what peninsula is the city of Mérida the most populous one? Yucatan
89%
What sea does that peninsula border to its east? Caribbean Sea
85%
What resort is the easternmost major city in Mexico? Cancún
81%
The largest desert in Mexico has the namesake of what dog breed? {Chihuahua}n Desert
77%
What Mexican city is located on the opposite side of El Paso? Ciudad Juárez
65%
Which Pacific city is known for its cliff divers? Acapulco
62%
What is the capital of the northeastern state of Nuevo León? Monterrey
61%
What gulf does the Colorado River empty into? Gulf of California
60%
What type of snake is the eagle on the Mexican flag devouring? Rattlesnake
60%
What state, starting with V, is the most populous after Mexico City and Mexico State? Veracruz
60%
What ancient city was the capital of the Aztec Empire? Tenochtitlan
56%
What state in southwestern Mexico is famous for mole sauce? Oaxaca
49%
In what southern state did Zapatista rebels clash with government forces in the 1990s? Chiapas
41%
What is the most spoken indigenous language in Mexico? Nahuatl
41%
From what Mexican state does Tequila originate? Jalisco
40%
What trio of mountain ranges extend along the eastern, southern, and western coasts of Mexico? Sierra Madre
33%
What is the highest mountain in Mexico? Pico de Orizaba
24%
No matching quizzes found
Score Distribution
Percent of People with Each Score
Percentile by Number Answered
Your Score History
You have not taken this quiz since the last reset